[Event "36th Reykjavik op"]
[Site "Reykjavik ISL"]
[Date "2023.04.02"]
[Round "7.176"]
[White "Endeberg, Ivar"]
[Black "Vander Zwalmen, Miranda"]
[WhiteElo "1302"]
[BlackElo "1625"]
[Result "1/2-1/2"]
[EventDate "2023.03.29"]
[PlyCount "220"]

1. e4 c5 2. d4 cxd4 3. c3 dxc3 4. Nxc3 e5 5. Nf3 Nc6 6. Bc4 h6 7. Qb3 Qe7 8. Nd5
Qd6 9. Nh4 g6 10. O-O Nf6 11. f4 Bg7 12. fxe5 Nxe5 13. Be3 Nxd5 14. Bxd5 O-O 15.
Rad1 Qe7 16. g3 d6 17. Bd4 Bh3 18. Bxe5 Bxf1 19. Bxg7 Kxg7 20. Rxf1 Rac8 21. Qxb7
Qxb7 22. Bxb7 Rb8 23. Bd5 Rxb2 24. Rc1 f5 25. exf5 gxf5 26. Rc7+ Kf6 27. Rxa7 Ke5
28. Bb3 Rc8 29. Ra5+ Ke4 30. Rxf5 Rc1+ 31. Rf1 Rc5 32. Re1+ Kd3 33. Rd1+ Ke3 34.
Rf1 d5 35. Nf5+ Ke4 36. Bxd5+ Rxd5 37. Nxh6 Rdd2 38. Ng4 Rxa2 39. h4 Rg2+ 40. Kh1
Rxg3 41. Nf2+ Ke3 42. Nd1+ Kd4 43. Nf2 Re2 44. Kh2 Rg8 45. Kh3 Re3+ 46. Kh2 Rf3 47.
Rd1+ Ke3 48. Nh1 Ra8 49. Re1+ Kf4 50. Rb1 Ra2+ 51. Kg1 Rc3 52. Rb4+ Kf3 53. Rb1 Rg2+
54. Kf1 Rh2 55. Kg1 Rcc2 56. Rb3+ Ke4 57. Rb4+ Kd5 58. Rb5+ Kc6 59. Rb8 Kc7 60. Ra8
Rxh4 61. Ra7+ Kb6 62. Ra1 Rch2 63. Nf2 Rh8 64. Rb1+ Ka5 65. Ra1+ Kb4 66. Rb1+ Kc3
67. Re1 Kd2 68. Re7 R2h4 69. Rd7+ Ke3 70. Re7+ Kd4 71. Rd7+ Ke5 72. Re7+ Kf6 73.
Ra7 Ke6 74. Ra6+ Kd5 75. Ra5+ Kc6 76. Ra6+ Kb5 77. Ra7 Rg8+ 78. Kf1 Rf4 79. Re7 Rgf8
80. Re2 Kc4 81. Kg1 Rg8+ 82. Kf1 Rgf8 83. Kg1 Rg8+ 84. Kf1 Kc3 85. Re7 Rd8 86. Rc7+
Kb4 87. Rb7+ Kc5 88. Rc7+ Kb6 89. Rc2 Ra8 90. Rb2+ Kc5 91. Rc2+ Kd4 92. Re2 Raf8
93. Kg1 Rg8+ 94. Kf1 Ra8 95. Kg1 Ra3 96. Kf1 Rd3 97. Ra2 Rff3 98. Ra4+ Kc5 99. Ra5+
Kb4 100. Ra2 Ra3 101. Rb2+ Ka4 102. Re2 Kb4 103. Re4+ Kc5 104. Re5+ Kd4 105. Re2
Rae3 106. Ra2 Re8 107. Ra4+ Kd5 108. Ra5+ Kc6 109. Ra6+ Kb7 110. Ra2 Rd8  1/2-1/2

[Event "36th Reykjavik op"]
[Site "Reykjavik ISL"]
[Date "2023.04.02"]
[Round "7.177"]
[White "Lokeswara, Rao"]
[Black "Beatty, Samuel"]
[WhiteElo "1218"]
[BlackElo "1571"]
[Result "1-0"]
[EventDate "2023.03.29"]
[PlyCount "37"]

1. g3 e6 2. c4 d5 3. Bg2 c6 4. d4 Nf6 5. Nf3 Be7 6. Qc2 Nbd7 7. a3 Qa5+ 8. Bd2 Qb6
9. c5 Qa6 10. Nc3 O-O 11. O-O b6 12. b4 bxc5 13. bxc5 Re8 14. e4 dxe4 15. Nxe4 Nxe4
16. Qxe4 Nf6 17. Qc2 Nd5 18. Rfb1 Bf6 19. Bf1  1-0

[Event "36th Reykjavik op"]
[Site "Reykjavik ISL"]
[Date "2023.04.02"]
[Round "7.178"]
[White "von Kistowski, Fynn"]
[Black "Gudmundsson, Solvi"]
[WhiteElo "1548"]
[BlackElo "1283"]
[Result "1-0"]
[EventDate "2023.03.29"]
[PlyCount "105"]

1. e4 Nf6 2. e5 Nd5 3. c4 Nb6 4. d4 d6 5. exd6 cxd6 6. Nf3 Bf5 7. Nc3 Nc6 8. Be2
e5 9. Bg5 Be7 10. Bxe7 Qxe7 11. d5 Nb4 12. O-O Rc8 13. a3 Na6 14. b3 Nc7 15. Re1
a5 16. Nd2 Na6 17. Bg4 g6 18. Nde4 a4 19. Nb5 O-O 20. Bxf5 gxf5 21. Nexd6 Rcd8 22.
Nxf5 Qg5 23. Rxe5 Kh8 24. Qd4 f6 25. Qe3 Qxe3 26. Rxe3 Nc5 27. Nfd4 axb3 28. Nxb3
Nca4 29. Re4 Nb2 30. Nd2 N6a4 31. Nc7 f5 32. Rd4 Rd7 33. Ne6 Re8 34. Nb3 Nc3 35.
Kf1 Rc8 36. Rc1 Ne4 37. f3 Nd6 38. c5 Nb5 39. Rd2 Na4 40. c6 bxc6 41. dxc6 Rxd2 42.
Nxd2 Nac3 43. Nd4 Na2 44. Rc2 Nxd4 45. Rxa2 Rxc6 46. a4 Nc2 47. a5 Nb4 48. Ra4 Na6
49. Nb3 Rc3 50. Nd4 Nc5 51. Ra2 Nd3 52. a6 Nc1 53. a7  1-0

[Event "36th Reykjavik op"]
[Site "Reykjavik ISL"]
[Date "2023.04.02"]
[Round "7.180"]
[White "Hordur, Gardarsson"]
[Black "Vidarsson, Kari Steinn"]
[WhiteElo "1498"]
[BlackElo "1267"]
[Result "1-0"]
[EventDate "2023.03.29"]
[PlyCount "55"]

1. d4 Nf6 2. c4 e6 3. Nf3 d5 4. Nc3 Be7 5. h3 O-O 6. Bf4 a6 7. e3 dxc4 8. Bxc4 b5
9. Bb3 Bb7 10. O-O Nbd7 11. Qe2 c5 12. Rfd1 cxd4 13. exd4 Nb6 14. a3 Nfd5 15. Bg3
Bf6 16. Ne4 Be7 17. Rac1 Rc8 18. Nc5 Bxc5 19. dxc5 Nd7 20. Bd6 Re8 21. Ne5 Nf4 22.
Qg4 Ng6 23. f4 Nf6 24. Qg5 h6 25. Nxf7 Kxf7 26. Qf5 Nh4 27. Qe5 Nf5 28. Qxf5  1-0

[Event "36th Reykjavik op"]
[Site "Reykjavik ISL"]
[Date "2023.04.03"]
[Round "8.1"]
[White "Yilmaz, Mustafa"]
[Black "Lagarde, Maxime"]
[WhiteElo "2629"]
[BlackElo "2581"]
[Result "1/2-1/2"]
[EventDate "2023.03.29"]
[PlyCount "125"]

1. d4 Nf6 2. c4 e6 3. Nf3 b6 4. g3 Bb4+ 5. Bd2 Bxd2+ 6. Qxd2 Ba6 7. b3 O-O 8. Bg2
d5 9. O-O c5 10. Rd1 Nc6 11. Nc3 dxc4 12. dxc5 Qxd2 13. Nxd2 Rac8 14. Nxc4 Bxc4 15.
bxc4 Na5 16. cxb6 axb6 17. Na4 Nxc4 18. Rab1 Rfd8 19. Bb7 Rxd1+ 20. Rxd1 Rb8 21.
Ba6 Ne5 22. Nxb6 g5 23. Nc4 Ned7 24. Nd6 Rb2 25. a4 Nd5 26. Nc4 Ra2 27. Bb7 Rxa4
28. Bxd5 exd5 29. Ne3 Nf6 30. Rc1 Re4 31. Rc6 Kg7 32. Rd6 h5 33. h4 g4 34. Kf1 Ra4
35. Nf5+ Kg6 36. Ne7+ Kg7 37. Nf5+ Kg6 38. Ne7+ Kg7 39. Nxd5 Nxd5 40. Rxd5 Kg6 41.
Rg5+ Kh6 42. Re5 Ra1+ 43. Kg2 f6 44. Re8 Kg6 45. f3 gxf3+ 46. Kxf3 Ra6 47. Rg8+ Kh7
48. Re8 Kg6 49. Re4 Rb6 50. g4 hxg4+ 51. Rxg4+ Kh5 52. Rg8 Rb1 53. Rh8+ Kg6 54. Re8
Rf1+ 55. Ke4 Kf7 56. Rh8 Kg7 57. Rh5 Rh1 58. Kf3 Rh2 59. e3 Rh3+ 60. Kf4 Kg6 61.
Rh8 Kg7 62. Rh5 Kg6 63. Rh8  1/2-1/2

[Event "36th Reykjavik op"]
[Site "Reykjavik ISL"]
[Date "2023.04.03"]
[Round "8.2"]
[White "Gupta, Abhijeet"]
[Black "Grandelius, Nils"]
[WhiteElo "2620"]
[BlackElo "2658"]
[Result "0-1"]
[EventDate "2023.03.29"]
[PlyCount "130"]

1. d4 d5 2. c4 c6 3. Nf3 Nf6 4. Nc3 e6 5. Bg5 h6 6. Bxf6 Qxf6 7. e3 g6 8. Ne5 Nd7
9. f4 g5 10. Qd2 gxf4 11. exf4 Nxe5 12. fxe5 Qg5 13. Qxg5 hxg5 14. Be2 Bg7 15. O-O
Ke7 16. Bg4 f5 17. exf6+ Bxf6 18. Rad1 dxc4 19. Ne4 Rf8 20. Be2 b5 21. Bg4 Bxd4+
22. Rxd4 Rxf1+ 23. Kxf1 e5 24. Rd6 Bxg4 25. Rxc6 Bf5 26. Nc3 b4 27. Nd5+ Kd7 28.
Rf6 Be4 29. Ne3 c3 30. bxc3 bxc3 31. Rf7+ Kd6 32. Ke2 Rb8 33. Nc4+ Ke6 34. Rc7 Rb2+
35. Ke3 Bd5 36. Kd3 Rxg2 37. Ne3 Rxa2 38. Kxc3 Be4 39. Rg7 Ra3+ 40. Kd2 Ra2+ 41.
Kc3 Re2 42. Nf1 Rc2+ 43. Kb3 Rf2 44. Ng3 Bc2+ 45. Kc3 Rxh2 46. Rxg5 Rg2 47. Rg7 a5
48. Nf5 Rxg7 49. Nxg7+ Kf6 50. Nh5+ Kg5 51. Ng7 Bf5 52. Ne8 Be6 53. Nd6 Bd5 54. Nb5
Kf5 55. Nc7 Bb7 56. Nb5 Kf4 57. Kb3 e4 58. Nc3 e3 59. Ka4 Ke5 60. Kxa5 Bf3 61. Kb4
Kd4 62. Nb5 Kd3 63. Nc3 Bc6 64. Kb3 Bd7 65. Kb2 Be6  0-1

[Event "36th Reykjavik op"]
[Site "Reykjavik ISL"]
[Date "2023.04.03"]
[Round "8.3"]
[White "Ivanchuk, Vasyl"]
[Black "Maze, Sebastien"]
[WhiteElo "2664"]
[BlackElo "2542"]
[Result "1/2-1/2"]
[EventDate "2023.03.29"]
[PlyCount "27"]

1. d4 Nf6 2. c4 g6 3. Nc3 Bg7 4. e4 d6 5. Nf3 O-O 6. Be2 e5 7. O-O Na6 8. Be3 Qe7
9. Re1 Nxe4 10. Nxe4 exd4 11. Bxd4 Qxe4 12. Bxg7 Kxg7 13. Qd2 Nc5 14. Nd4  1/2-1/2

[Event "36th Reykjavik op"]
[Site "Reykjavik ISL"]
[Date "2023.04.03"]
[Round "8.4"]
[White "Lie, Kjetil"]
[Black "Livaic, Leon"]
[WhiteElo "2515"]
[BlackElo "2569"]
[Result "1/2-1/2"]
[EventDate "2023.03.29"]
[PlyCount "133"]

1. c4 e6 2. g3 Nf6 3. Bg2 d5 4. Nf3 Be7 5. O-O O-O 6. b3 c6 7. Bb2 Nbd7 8. d3 Qc7
9. Nc3 dxc4 10. dxc4 e5 11. Qc2 Re8 12. Rad1 Bf8 13. e3 a5 14. Nd2 h6 15. h3 Kh8
16. Kh2 Nc5 17. f4 exf4 18. exf4 a4 19. Nxa4 Nxa4 20. Bxf6 gxf6 21. bxa4 f5 22. Rfe1
Rxe1 23. Rxe1 Be6 24. Nb3 Qb6 25. a5 Qb4 26. Rc1 Bg7 27. h4 b6 28. a3 Qxa3 29. axb6
Rb8 30. Bxc6 Rxb6 31. Bb5 Rb8 32. Rd1 Rg8 33. Rd3 Qa7 34. Qd2 Bf6 35. Nd4 Bc8 36.
Bc6 Be6 37. Bd5 Qb6 38. c5 Qxc5 39. Bxe6 fxe6 40. Nxe6 Qc4 41. Qe2 Re8 42. Re3 Qxe2+
43. Rxe2 h5 44. Kg2 Kg8 45. Kf3 Re7 46. Re3 Kf7 47. Ng5+ Kg6 48. Ra3 Re8 49. Ra6
Kg7 50. Ne6+ Kf7 51. Nc7 Rd8 52. Ra5 Rd3+ 53. Kg2 Rd2+ 54. Kf1 Rd3 55. Kg2 Rd2+ 56.
Kh3 Kg6 57. Nd5 Rd3 58. Kg2 Kf7 59. Ra7+ Kg6 60. Rd7 Rd2+ 61. Kf3 Bd4 62. Ne7+ Kf6
63. Nxf5 Kxf5 64. Rd5+ Kg6 65. Rd6+ Kf5 66. Rd5+ Kg6 67. Rd6+  1/2-1/2

[Event "36th Reykjavik op"]
[Site "Reykjavik ISL"]
[Date "2023.04.03"]
[Round "8.5"]
[White "Demuth, Adrien"]
[Black "Cornette, Matthieu"]
[WhiteElo "2475"]
[BlackElo "2563"]
[Result "1/2-1/2"]
[EventDate "2023.03.29"]
[PlyCount "38"]

1. c4 Nf6 2. Nc3 e5 3. Nf3 Nc6 4. e4 Bb4 5. d3 d6 6. a3 Bc5 7. b4 Bb6 8. Na4 Bd4
9. Rb1 Bg4 10. Be2 Bxf3 11. Bxf3 a6 12. Bd2 Ba7 13. O-O Nd4 14. Nc3 c6 15. a4 O-O
16. g3 b5 17. cxb5 cxb5 18. axb5 Nxb5 19. Nxb5 axb5  1/2-1/2

[Event "36th Reykjavik op"]
[Site "Reykjavik ISL"]
[Date "2023.04.03"]
[Round "8.7"]
[White "Wadsworth, Matthew"]
[Black "Papp, Gabor"]
[WhiteElo "2439"]
[BlackElo "2544"]
[Result "0-1"]
[EventDate "2023.03.29"]
[PlyCount "110"]

1. d4 Nf6 2. c4 e6 3. g3 d5 4. Bg2 Bb4+ 5. Nd2 O-O 6. Ngf3 b6 7. cxd5 exd5 8. O-O
Bb7 9. a3 Bd6 10. b4 Nbd7 11. Bb2 Qe7 12. Re1 Ne4 13. Nxe4 dxe4 14. Nd2 Bd5 15. Qc2
f5 16. b5 Qe6 17. e3 a6 18. a4 axb5 19. axb5 Nf6 20. Bf1 Rxa1 21. Bxa1 Ra8 22. Nc4
h5 23. Bb2 h4 24. Ra1 Rxa1 25. Bxa1 hxg3 26. hxg3 g5 27. Nxd6 Qxd6 28. Qc1 Kg7 29.
Bb2 Kg6 30. Ba3 Qd7 31. Be2 Qh7 32. Qf1 Kf7 33. Qc1 Ke6 34. Bb4 Kd7 35. Qf1 f4 36.
gxf4 gxf4 37. Qg2 f3 38. Qg5 fxe2 39. Qxf6 Kc8 40. Qe5 Qd7 41. Be1 Qxb5 42. Qf5+
Qd7 43. Qh5 Qb5 44. Qf5+ Kb8 45. Kg2 Qc4 46. Kg3 Bc6 47. Kf4 Kb7 48. Qf8 Qe6 49.
Bd2 Qh3 50. Ke5 Qh5+ 51. Qf5 Qh1 52. d5 Bxd5 53. Kxd5 Qd1 54. Qxe4 Qxd2+ 55. Ke6+
Kb8  0-1

[Event "36th Reykjavik op"]
[Site "Reykjavik ISL"]
[Date "2023.04.03"]
[Round "8.8"]
[White "Tari, Aryan"]
[Black "Vignesh, N. R."]
[WhiteElo "2649"]
[BlackElo "2513"]
[Result "1-0"]
[EventDate "2023.03.29"]
[PlyCount "69"]

1. e4 c5 2. Nc3 d6 3. d4 cxd4 4. Qxd4 Nc6 5. Qd2 Nf6 6. b3 e6 7. Bb2 d5 8. exd5 exd5
9. O-O-O Be6 10. Bb5 Qa5 11. Nge2 Rc8 12. Kb1 a6 13. Bxc6+ Rxc6 14. Nd4 Rc8 15. Qe1
Qb6 16. Nxe6 fxe6 17. Nxd5 Nxd5 18. Rxd5 Rxc2 19. Qe4 Qc6 20. Rhd1 Rxb2+ 21. Kxb2
Be7 22. R5d4 Bf6 23. Qxc6+ bxc6 24. Ka3 Bxd4 25. Rxd4 Rf8 26. f3 Rf5 27. Rd6 Rc5
28. Rxe6+ Kd7 29. Re2 g5 30. Kb4 Rd5 31. Kc3 Rc5+ 32. Kd4 Rd5+ 33. Ke3 Re5+ 34. Kf2
Rd5 35. Kg3  1-0

[Event "36th Reykjavik op"]
[Site "Reykjavik ISL"]
[Date "2023.04.03"]
[Round "8.9"]
[White "Banusz, Tamas"]
[Black "Throstur, Thorhallsson"]
[WhiteElo "2616"]
[BlackElo "2392"]
[Result "1-0"]
[EventDate "2023.03.29"]
[PlyCount "85"]

1. Nf3 d5 2. g3 Nf6 3. Bg2 c6 4. O-O g6 5. b3 Bg7 6. Bb2 O-O 7. c4 Re8 8. d4 Bf5
9. Nc3 Ne4 10. Ne5 Nxc3 11. Bxc3 dxc4 12. Nxc4 Qc8 13. e4 Bh3 14. Qc2 Bxg2 15. Kxg2
Nd7 16. Rad1 Qc7 17. f4 e6 18. Bb4 b6 19. e5 a5 20. Bd6 Qb7 21. Qe4 f5 22. exf6 Nxf6
23. Qf3 Nd5 24. Be5 Bf8 25. Rfe1 a4 26. Re2 axb3 27. axb3 Rad8 28. h4 Bb4 29. h5
Qf7 30. Rh1 Be7 31. Nd2 c5 32. dxc5 bxc5 33. Ne4 Rf8 34. hxg6 Qxg6 35. Qh5 Qf5 36.
Qh6 Rf7 37. Nf2 Bf8 38. Qh4 Rdd7 39. Qg4+ Bg7 40. Rh5 Qxg4 41. Nxg4 Rb7 42. Rg5 Kf8
43. Bd6+  1-0

[Event "36th Reykjavik op"]
[Site "Reykjavik ISL"]
[Date "2023.04.03"]
[Round "8.11"]
[White "Kushko, Dmitriy"]
[Black "Can, Emre"]
[WhiteElo "2379"]
[BlackElo "2600"]
[Result "1/2-1/2"]
[EventDate "2023.03.29"]
[PlyCount "72"]

1. e4 c5 2. Nf3 d6 3. Bb5+ Nd7 4. a4 Ngf6 5. Nc3 g6 6. a5 Bg7 7. O-O a6 8. Be2 O-O
9. d3 b5 10. axb6 a5 11. Bf4 Nxb6 12. Qd2 Re8 13. Bh6 Bh8 14. Ng5 d5 15. e5 d4 16.
Nb5 Nfd5 17. e6 fxe6 18. Bf3 Qd7 19. Rxa5 Rxa5 20. Qxa5 e5 21. Ne4 c4 22. Nc5 Qd8
23. dxc4 Nxc4 24. Qa2 Ncb6 25. Re1 Bf5 26. Qb3 Bf6 27. Bd2 Kh8 28. Ba5 Qc8 29. Nd3
Nc4 30. Bxd5 Nxa5 31. Qa4 Rd8 32. Be4 Nc4 33. Na7 Qc7 34. Nb5 Qc8 35. Na7 Qc7 36.
Nb5 Qc8  1/2-1/2

[Event "36th Reykjavik op"]
[Site "Reykjavik ISL"]
[Date "2023.04.03"]
[Round "8.12"]
[White "Sidhant, Mohapatra"]
[Black "Dziuba, Marcin"]
[WhiteElo "2376"]
[BlackElo "2554"]
[Result "1-0"]
[EventDate "2023.03.29"]
[PlyCount "103"]

1. e4 c5 2. Nf3 d6 3. d4 cxd4 4. Nxd4 Nf6 5. Nc3 a6 6. Bg5 e6 7. f4 Be7 8. Qf3 Qc7
9. O-O-O Nbd7 10. g4 h6 11. Bxf6 Bxf6 12. h4 Nb6 13. g5 Bxd4 14. Rxd4 Qc5 15. Qd3
hxg5 16. b4 Qc7 17. fxg5 Ke7 18. h5 Bd7 19. Qf3 Rac8 20. Rh3 e5 21. Rc4 Qd8 22. Rxc8
Qxc8 23. h6 Qg8 24. hxg7 Rxh3 25. Qf6+ Ke8 26. Bxh3 Bxh3 27. Qxd6 Qxg7 28. Qxb6 Qxg5+
29. Kb2 f5 30. Qe6+ Qe7 31. Qc8+ Qd8 32. Qxb7 Qd4 33. Qc8+ Kf7 34. a3 Bg4 35. Qb7+
Kg6 36. Qxa6+ Kg5 37. b5 fxe4 38. b6 e3 39. b7 e2 40. b8=Q e1=Q 41. Qb4 Bf5 42. Qc6
Qxb4+ 43. axb4 e4 44. b5 e3 45. Qg2+ Kf4 46. b6 Qf2 47. Ne2+ Ke5 48. Qg7+ Kd5 49.
Qb7+ Ke6 50. Qc6+ Ke7 51. Qc7+ Kf6 52. b7  1-0

[Event "36th Reykjavik op"]
[Site "Reykjavik ISL"]
[Date "2023.04.03"]
[Round "8.13"]
[White "Bjorn, Thorfinnsson"]
[Black "Visakh, N. R."]
[WhiteElo "2369"]
[BlackElo "2538"]
[Result "0-1"]
[EventDate "2023.03.29"]
[PlyCount "124"]

1. d4 Nf6 2. Nf3 d5 3. c4 e6 4. Nc3 a6 5. cxd5 exd5 6. Bg5 Be6 7. e3 Nbd7 8. Ne5
Be7 9. Nxd7 Nxd7 10. Bxe7 Qxe7 11. Be2 O-O 12. O-O Qd6 13. Qc2 Nf6 14. h3 g6 15.
b4 Bf5 16. Bd3 Bxd3 17. Qxd3 c6 18. a4 Qxb4 19. Rfb1 Qe7 20. a5 Rad8 21. Rb6 Rd7
22. Na4 Ne4 23. Rab1 Rc7 24. Qc2 f5 25. Nc5 Nxc5 26. Qxc5 Qxc5 27. dxc5 Rff7 28.
R6b4 Kg7 29. g3 Rfe7 30. Rd4 g5 31. Rbb4 Re6 32. Kg2 Rce7 33. Rb2 Rf7 34. Rdb4 Ree7
35. Kf3 Kg6 36. Rb1 Rd7 37. Rd4 h6 38. Rb2 Rfe7 39. Rbb4 Re4 40. Ra4 g4+ 41. Kg2
gxh3+ 42. Kxh3 h5 43. Rab4 Rde7 44. Kg2 Kg5 45. f4+ Kg4 46. Rxe4 fxe4 47. Rb1 Rh7
48. Rh1 h4 49. Rh3 Rh5 50. gxh4 Rxh4 51. Rg3+ Kf5 52. Rg5+ Kf6 53. Rg8 d4 54. exd4
Rxf4 55. Rf8+ Kg5 56. Re8 e3 57. Rxe3 Rxd4 58. Re7 Rb4 59. Kf3 Kf6 60. Rd7 Ke6 61.
Rd6+ Ke7 62. Rh6 Kd7  0-1

[Event "36th Reykjavik op"]
[Site "Reykjavik ISL"]
[Date "2023.04.03"]
[Round "8.14"]
[White "Dvirnyy, Danyyil"]
[Black "Panesar, Vedant"]
[WhiteElo "2531"]
[BlackElo "2348"]
[Result "1/2-1/2"]
[EventDate "2023.03.29"]
[PlyCount "46"]

1. Nf3 d5 2. d4 Nf6 3. c4 e6 4. Nc3 Bb4 5. Qa4+ Nc6 6. Qc2 dxc4 7. e3 Qd5 8. Nd2
Bxc3 9. bxc3 Na5 10. e4 Qc6 11. Be2 b6 12. O-O Bb7 13. f3 e5 14. Ba3 Nh5 15. d5 Qg6
16. Nxc4 Nxc4 17. Bxc4 Nf4 18. Rfd1 O-O-O 19. Bf1 Nxd5 20. g3 Kb8 21. Qd3 Ne7 22.
Qe3 Nc6 23. Rd5 f5  1/2-1/2

[Event "36th Reykjavik op"]
[Site "Reykjavik ISL"]
[Date "2023.04.03"]
[Round "8.15"]
[White "Mons, Leon"]
[Black "Fitzsimons, David"]
[WhiteElo "2514"]
[BlackElo "2338"]
[Result "1/2-1/2"]
[EventDate "2023.03.29"]
[PlyCount "108"]

1. d4 Nf6 2. c4 e6 3. g3 d5 4. Bg2 dxc4 5. Nf3 c5 6. O-O Nc6 7. dxc5 Qxd1 8. Rxd1
Bxc5 9. Nbd2 c3 10. bxc3 O-O 11. Nb3 Be7 12. Nfd4 Nxd4 13. cxd4 Nd5 14. Bd2 f5 15.
Na5 Bf6 16. e3 b6 17. Nc6 Bb7 18. Nb4 Rab8 19. Rdc1 Rfc8 20. a4 Rxc1+ 21. Rxc1 Nxb4
22. Bxb7 Rxb7 23. Bxb4 Kf7 24. Kf1 Be7 25. Bxe7 Kxe7 26. Ke2 Kd6 27. Kd3 Rc7 28.
Rb1 e5 29. a5 exd4 30. exd4 bxa5 31. Rb5 g6 32. Rxa5 Kc6 33. Ra1 Kd5 34. h4 Rb7 35.
Ra5+ Ke6 36. d5+ Kd6 37. Kc4 Rc7+ 38. Kd4 Rb7 39. Kc4 Rc7+ 40. Kd4 Rb7 41. Ra6+ Rb6
42. Rxa7 Rb4+ 43. Kc3 Rg4 44. Rxh7 f4 45. gxf4 Rxf4 46. Rh6 Kxd5 47. Rxg6 Rxf2 48.
h5 Rh2 49. h6 Ke5 50. Kd3 Kf5 51. Ra6 Kg5 52. Ke4 Rh4+ 53. Ke5 Rxh6 54. Rxh6 Kxh6
 1/2-1/2

[Event "36th Reykjavik op"]
[Site "Reykjavik ISL"]
[Date "2023.04.03"]
[Round "8.16"]
[White "Stefansson, Hannes"]
[Black "Sigurbjorn, Bjornsson"]
[WhiteElo "2510"]
[BlackElo "2310"]
[Result "1-0"]
[EventDate "2023.03.29"]
[PlyCount "115"]

1. d4 Nf6 2. c4 e6 3. Nf3 d5 4. Nc3 c6 5. e3 Nbd7 6. Qc2 Bd6 7. Bd3 O-O 8. O-O dxc4
9. Bxc4 a6 10. Rd1 c5 11. dxc5 Bxc5 12. Bd3 Qe7 13. Ng5 h6 14. Nge4 Ba7 15. a4 Nxe4
16. Nxe4 Ne5 17. b3 Rd8 18. Ba3 Qh4 19. Be2 Bd7 20. g3 Qh3 21. Qc7 Ng4 22. Bxg4 Qxg4
23. Qxb7 Rdb8 24. Qxd7 Qxe4 25. Qd3 Qf3 26. Rac1 Bb6 27. Qf1 Rd8 28. Re1 Rd5 29.
Qe2 Qxe2 30. Rxe2 Rd3 31. Rb1 Rc8 32. Bb4 Rcd8 33. Kf1 e5 34. Rc2 a5 35. Be1 R8d6
36. Ke2 e4 37. g4 h5 38. h3 hxg4 39. hxg4 g6 40. Rc8+ Rd8 41. Rxd8+ Bxd8 42. b4 axb4
43. Rxb4 f5 44. Rd4 Rxd4 45. exd4 Kf7 46. a5 Ke6 47. a6 Bb6 48. Bb4 Bxd4 49. Bd2
Kd5 50. Be3 Bxe3 51. Kxe3 Kc6 52. gxf5 gxf5 53. Kf4 Kb6 54. Kxf5 Kxa6 55. Kxe4 Kb7
56. Kf5 Kc7 57. Ke6 Kd8 58. Kf7  1-0

[Event "36th Reykjavik op"]
[Site "Reykjavik ISL"]
[Date "2023.04.03"]
[Round "8.17"]
[White "Sarkar, Justin"]
[Black "Shyaamnikhil, P."]
[WhiteElo "2338"]
[BlackElo "2477"]
[Result "1/2-1/2"]
[EventDate "2023.03.29"]
[PlyCount "80"]

1. e4 c5 2. Nf3 Nc6 3. Bb5 d6 4. O-O Bd7 5. Re1 e5 6. c3 a6 7. Bf1 Be7 8. Na3 Nf6
9. d4 cxd4 10. cxd4 Bg4 11. d5 Nd4 12. Be3 Nxf3+ 13. gxf3 Bh5 14. Be2 O-O 15. Qb3
Nd7 16. Qxb7 f5 17. Nc4 Qe8 18. exf5 Rxf5 19. Nd2 Nf8 20. Rac1 Ng6 21. Rc7 Bf8 22.
Kh1 Nf4 23. Rg1 Bf7 24. Bxf4 Rxf4 25. Ne4 Rb8 26. Qxa6 Rxb2 27. Nxd6 Bxd6 28. Qxd6
Rxe2 29. Qa6 Rxf2 30. Rc8 g6 31. Rxe8+ Bxe8 32. Qe6+ Bf7 33. Qxe5 R4xf3 34. Rc1 Rf6
35. d6 R2f5 36. Qxf6 Rxf6 37. d7 Rd6 38. Rc8+ Kg7 39. d8=Q Rxd8 40. Rxd8 Bxa2  1/2-1/2

[Event "36th Reykjavik op"]
[Site "Reykjavik ISL"]
[Date "2023.04.03"]
[Round "8.18"]
[White "Papadiamandis, Elliot"]
[Black "Ioannidis, Evgenios"]
[WhiteElo "2323"]
[BlackElo "2473"]
[Result "1-0"]
[EventDate "2023.03.29"]
[PlyCount "62"]

1. e4 e6 2. d4 d5 3. e5 c5 4. c3 Nc6 5. Nf3 Bd7 6. Be2 f6 7. O-O fxe5 8. Nxe5 Nxe5
9. dxe5 Qc7 10. Re1 O-O-O 11. Bf1 Ne7 12. a4 Nc6 13. Na3 a6 14. Bg5 Re8 15. c4 d4
16. Bd2 Be7 17. Nb5 Qb8 18. f4 g5 19. Ra3 Ref8 20. g3 gxf4 21. Bxf4 axb5 22. axb5
Nb4 23. Qd2 Kc7 24. Rea1 Qe8 25. Bg2 Bc8 26. Ra7 Qg6 27. Qd1 Rxf4 28. b6+ Kd8 29.
Bxb7 Rhf8 30. Ra8 Nc2 31. Rxc8+ Kd7  1-0

[Event "36th Reykjavik op"]
[Site "Reykjavik ISL"]
[Date "2023.04.03"]
[Round "8.19"]
[White "Willow, Jonah"]
[Black "Hommer, Jeremy"]
[WhiteElo "2459"]
[BlackElo "2251"]
[Result "1/2-1/2"]
[EventDate "2023.03.29"]
[PlyCount "73"]

1. e4 c6 2. d4 d5 3. e5 Bf5 4. Nc3 e6 5. g4 Bg6 6. Nge2 c5 7. h4 h6 8. h5 Bh7 9.
Be3 Nc6 10. f4 cxd4 11. Nxd4 Nge7 12. Bb5 a6 13. Ba4 Qc7 14. O-O Nc8 15. Nxc6 bxc6
16. Nxd5 exd5 17. Qxd5 Ne7 18. Qc4 O-O-O 19. Rad1 Nd5 20. Bxc6 Nb4 21. Rxd8+ Kxd8
22. Rd1+ Kc8 23. Bd7+ Kb7 24. Qxc7+ Kxc7 25. Be8 Nxc2 26. Rd7+ Kc8 27. Bb6 Bb4 28.
Rd8+ Kb7 29. Bc6+ Kxc6 30. Rxh8 Be4 31. Bf2 Bd2 32. Rc8+ Kd7 33. Rc4 Bd3 34. Rc5
Be4 35. Rc4 Bd3 36. Rc5 Be4 37. Rc4  1/2-1/2

[Event "36th Reykjavik op"]
[Site "Reykjavik ISL"]
[Date "2023.04.03"]
[Round "8.20"]
[White "Baasansuren, Erdene"]
[Black "Rakotomaharo, Fy Antenaina"]
[WhiteElo "2232"]
[BlackElo "2448"]
[Result "1/2-1/2"]
[EventDate "2023.03.29"]
[PlyCount "74"]

1. d4 Nf6 2. c4 e6 3. g3 d5 4. Nf3 Be7 5. Bg2 O-O 6. O-O a5 7. Qc2 Nc6 8. a3 Re8
9. Rd1 a4 10. cxd5 exd5 11. Nc3 g6 12. Ne5 Bf5 13. e4 dxe4 14. Be3 Nd5 15. Nxd5 Qxd5
16. g4 Bc8 17. Nxc6 Qxc6 18. Qxc6 bxc6 19. Bxe4 Bxg4 20. Bxc6 Bxd1 21. Rxd1 Bd6 22.
Rc1 f5 23. d5 Be5 24. Bxe8 Rxe8 25. Rc4 Ra8 26. Bd4 Bd6 27. Bc5 Be5 28. Bd4 Bd6 29.
Bc5 Ra5 30. Bb4 Bxb4 31. Rxb4 Kf8 32. Rb7 Rc5 33. Rb4 Ke7 34. Rxa4 Rxd5 35. Kg2 Rd3
36. Ra7 Kd7 37. b4 Rb3  1/2-1/2

[Event "36th Reykjavik op"]
[Site "Reykjavik ISL"]
[Date "2023.04.03"]
[Round "8.21"]
[White "Mardov, Dimitar"]
[Black "Cieslak, Patryk"]
[WhiteElo "2445"]
[BlackElo "2207"]
[Result "1-0"]
[EventDate "2023.03.29"]
[PlyCount "131"]

1. c4 Nf6 2. Nc3 e5 3. Nf3 Nc6 4. e3 Bb4 5. Qc2 Bxc3 6. Qxc3 Qe7 7. a3 d5 8. d4 exd4
9. Nxd4 Nxd4 10. Qxd4 dxc4 11. Bxc4 Be6 12. Bxe6 Qxe6 13. Qa4+ Qd7 14. Qxd7+ Nxd7
15. Bd2 O-O-O 16. Rc1 Ne5 17. Ke2 Nd3 18. Rc2 Rhe8 19. Bc3 f6 20. g3 Ne5 21. h3 h5
22. Rhc1 Rd7 23. Bd4 Nc6 24. Bc3 Ne5 25. Rg1 Ng6 26. Rcc1 b6 27. Rcd1 c5 28. Rxd7
Kxd7 29. f4 Ne7 30. Kf3 Nd5 31. Bd2 f5 32. g4 hxg4+ 33. hxg4 g6 34. gxf5 gxf5 35.
Rg5 Ke6 36. e4 fxe4+ 37. Kxe4 Nf6+ 38. Kf3 Rg8 39. Re5+ Kd6 40. Re1 Re8 41. Rd1 Nd5
42. Rh1 c4 43. f5 Kc5 44. Rh2 Rf8 45. Rh5 Kd4 46. Bh6 Rf7 47. Rg5 Kd3 48. Bg7 a5
49. a4 Nf6 50. Bxf6 Rxf6 51. Kf4 Kc2 52. Rg6 Rxg6 53. fxg6 Kxb2 54. g7 c3 55. g8=Q
c2 56. Qg7+ Kb1 57. Qg6 Kb2 58. Qxb6+ Ka2 59. Qc5 Kb2 60. Ke3 c1=Q+ 61. Qxc1+ Kxc1
62. Kd3 Kb2 63. Kc4 Kc2 64. Kb5 Kc3 65. Kxa5 Kc4 66. Kb6  1-0

[Event "36th Reykjavik op"]
[Site "Reykjavik ISL"]
[Date "2023.04.03"]
[Round "8.22"]
[White "Doluhanova, Evgeniya"]
[Black "Jacobson, Brandon"]
[WhiteElo "2311"]
[BlackElo "2543"]
[Result "0-1"]
[EventDate "2023.03.29"]
[PlyCount "56"]

1. e4 e5 2. Nf3 Nc6 3. Bb5 a6 4. Ba4 Nf6 5. d3 Bc5 6. c3 b5 7. Bc2 d5 8. O-O O-O
9. d4 dxe4 10. Nxe5 Nxe5 11. dxe5 Qxd1 12. Bxd1 Ng4 13. Bxg4 Bxg4 14. Re1 f5 15.
Bf4 Rad8 16. a4 b4 17. cxb4 Bxb4 18. Nc3 h6 19. e6 Rfe8 20. Bxc7 Rd3 21. h3 Bh5 22.
g4 Bg6 23. Rad1 Rxh3 24. gxf5 Bxf5 25. Bg3 Bg4 26. Kg2 Bxc3 27. Rxe4 Bxd1 28. Kxh3
Bxb2  0-1

[Event "36th Reykjavik op"]
[Site "Reykjavik ISL"]
[Date "2023.04.03"]
[Round "8.23"]
[White "Libiszewski, Fabien"]
[Black "Pourkashiyan, Atousa"]
[WhiteElo "2499"]
[BlackElo "2313"]
[Result "1/2-1/2"]
[EventDate "2023.03.29"]
[PlyCount "59"]

1. e4 e5 2. Bc4 Nf6 3. d3 c6 4. Nf3 d5 5. Bb3 Bb4+ 6. Bd2 Bxd2+ 7. Nbxd2 a5 8. a4
Nbd7 9. O-O O-O 10. Re1 Re8 11. exd5 cxd5 12. Nb1 b6 13. Nc3 Bb7 14. Nb5 Re7 15.
Rc1 Bc6 16. Nd6 g6 17. c4 Nc5 18. cxd5 Bxd5 19. Bxd5 Nxd5 20. Nc4 Nf4 21. Nfxe5 Nfxd3
22. Nxd3 Nxd3 23. Rxe7 Nxc1 24. Qxd8+ Rxd8 25. g3 Rd4 26. Nxb6 Rb4 27. Nd7 Rxb2 28.
Ne5 Re2 29. Kf1 g5 30. Rc7  1/2-1/2